Simay : (Record no. 21382)

MARC details
000 -BAŞLIK
Sabit Uzunluktaki Kontrol Alanı 00638nam a22002057a 4500
003 - KONTROL NUMARASI KİMLİĞİ
Kontrol Alanı koha_MIRAKIL
005 - EN SON İŞLEM TARİHİ ve ZAMANI
Kontrol Alanı 20250113145020.0
008 - SABİT UZUNLUKTAKİ VERİ ÖGELERİ - GENEL BİLGİ
Sabit Alan 250113b tur||||| |||| 00| 0 tur d
020 ## - ISBN - ULUSLARARASI STANDART KİTAP NUMARASI
Isbn 9789750821219
040 ## - KATALOGLAMA KAYNAĞI
Özgün Kataloglama Kurumu TR-IsEVY
Kataloglama Dili tur
Çeviri Kurumu TR-IsEVY
082 ## - DEWEY ONU SINIFLAMA SİSTEMİ
Sınıflama Numarası FIC ÖZD/S
100 ## - KİŞİ ADI
Yazar Adı (Kişi adı) Özdem, Filiz
245 #0 - ESER ADI BİLDİRİMİ
Başlık Simay :
Alt Eseradı vb. ninem diş perisi oldu /
Sorumluluk Bildirimi Filiz Özdem ; resimleyen Cansu Kaykaç.
250 ## - BASIM BİLDİRİMİ
Basım Bildirimi 4. bs.
260 ## - YAYIN, DAĞITIM, VB.
Yayın Yeri İstanbul :
Yayınevi Yapı Kredi Yayınları,
Yayın Tarihi 2016.
300 ## - FİZİKSEL TANIMLAMA
Sayfa, Cilt vb. 35 s. :
Diğer fiziki detaylar renkli resimli ;
Boyutları 19 cm.
650 ## - KONU BAŞLIĞI EK GİRİŞ - KONU TERİMİ
Konusal terim veya coğrafi ad Çocuk Edebiyatı.
Alt başlık biçimi Çocuk Hikayeleri.
700 1# - EK GİRİŞ - KİŞİ ADI
Yazar Adı (Kişi adı) Kaykaç, Cansu
Ünvan resimleyen.
942 ## - EK GİRİŞ ÖGELERİ (KOHA)
Source of classification or shelving scheme Dewey Decimal Classification
Koha item type Kitap
Holdings
Kayıp Durumu Sınıflandırma Kaynağı Hasarlı Durumu Koleksiyon Kodu Kalıcı Konum Mevcut Konum Kayıt Tarih Edinim Kaynağı Toplam Ödünçverme Yer Numarası Demirbaş Numarası Son Görülme Tarihi Fatura Tarihi Materyal Türü
  Dewey Decimal Classification   İlkokul İLKOKUL KÜTÜPHANESİ İLKOKUL KÜTÜPHANESİ 13/01/2025 Bağış   FIC ÖZD/S 22644 13/01/2025 13/01/2025 Kitap